Utah Airports - Statistics

General Stats
  • This quiz has been taken 10 times
  • The average score is 6 of 7
Answer Stats
Population City/Metro Airport Passengers % Correct
1,257,000 Salt Lake City 28,158,007
100%
60,000 Cedar City 12,000
90%
713,000 Ogden 113,663
90%
208,000 St George 346,349
90%
8,200 Moab 19,686
70%
21,000 Vernal 8,922
70%
671,000 Provo-Orem 925,000
40%
No matching quizzes found
Score Distribution
Percent of People with Each Score
Percentile by Number Answered
Your Score History
You have not taken this quiz